Baseball True/False - Statistics

General Stats
  • This quiz has been taken 63 times
  • The average score is 8 of 10
Answer Stats
Question Answer % Correct
As of the end of the 2021 season, five players have hit over 80 homeruns in one season. False
93%
No player in history has ever gotten an unassisted triple play (all 3 outs by themselves). False
87%
New York Yankees closer Mariano Rivera was the first player to unanimously be voted into the Hall of Fame in 2019. True
87%
No player is allowed to wear uniform number 42. True
87%
Roberto Clemente’s final hit of his career (and life) was his 3000th. True
87%
Barry Bonds, Hank Aaron, and Ted Williams all hit homeruns in their very first major league at-bat. False
80%
Lou Gehrig won the 1927 American League most valuable player award despite Babe Ruth’s record 60 homeruns in that season. True
80%
Since moving to Los Angeles, the Dodgers have always played at Dodger Stadium. False
73%
Cy Young won the award that bears his name more times than any other player. False
67%
In 1961, Roger Maris broke Babe Ruth’s single season record for homeruns, the record books had an asterisk next to Maris’ record because Ruth accomplished his feat in 8 fewer games than Maris. True
67%
No matching quizzes found
Score Distribution
Percent of People with Each Score
Percentile by Number Answered
Your Score History
You have not taken this quiz